| 000 | 00471nam a2200145Ia 4500 | ||
|---|---|---|---|
| 003 | OSt | ||
| 005 | 20260116112959.0 | ||
| 008 | 211028s2013 xx 000 0 und d | ||
| 040 | _cAIMIT LIBRARY | ||
| 041 | _aeng | ||
| 100 |
_aD' Souza Emmanuel Cajetan Max;Dias, Beena. _g1116042 _96989 |
||
| 245 | _aIdentifying the future prospects for bmw in Mangalore and how to qualift/nurture the potential customers / | ||
| 260 |
_aMangalore _bBeena Dias _c2013 |
||
| 942 |
_2ddc _cPRO |
||
| 999 |
_c218559 _d218559 |
||